[Event "DVM U10 2020"]
[Site "Magdeburg GER"]
[Date "2021.08.08"]
[Round "6"]
[White "Frey, Lino"]
[Black "Rabus, Johann"]
[Result "1-0"]
[Termination "normal"]
[Board "7.2"]
[WhiteElo "1119"]
[BlackElo "1243"]
[WhiteTeam "USG Chemnitz"]
[BlackTeam "SC Borussia Lichtenberg"]
[PlyCount "83"]
[WhiteFideId "34693394"]
[BlackFideId "34602950"]
[EventCountry "GER"]
[EventRounds "7"]
[EventType "team-swiss"]
[EventDate "2021.08.06"]

{[%evp 0,74,22,25,53,39,63,19,45,31,33,35,20,36,18,-3,-5,-22,-15,-68,-33,-8,-3,
-99,-28,-59,-53,-78,-49,-59,-36,-56,5,-11,3,-29,-6,-8,-6,-13,-6,-112,-73,-73,
-81,-71,-96,-90,-67,-65,28,32,31,33,32,32,54,36,56,60,68,53,159,159,137,128,
524,-21,194,172,458,478,556,568,560,566,619] normal} 1. e4 e5 2. Nf3 Nf6 3.
Nxe5 d6 4. Nf3 Nxe4 5. Qe2 Qe7 6. d3 Nf6 7. Qxe7+ Bxe7 8. h3 O-O 9. g3 d5 10.
Bg2 c5 11. d4 Re8 12. O-O Nc6 13. c3 Ne4 14. Nbd2 Bf5 15. Re1 Bd6 16. Nxe4 Bxe4
17. Be3 b6 18. Nd2 Bxg2 19. Kxg2 Re6 20. Bg5 Rxe1 21. Rxe1 cxd4 22. cxd4 Nxd4
23. Rd1 h6 24. Nf1 Bc5 25. Be3 Ne6 26. Bxc5 Nxc5 27. Rxd5 Re8 28. Ne3 Kh7 29.
b4 Na6 30. a3 Kg6 31. Rd7 Ra8 32. Nd5 Nb8 33. Rxf7 Nc6 34. Rc7 Rd8 35. Rxc6+
Kf5 36. Ne3+ Ke4 37. Rc7 Rg8 38. Rxa7 b5 39. a4 bxa4 40. Rxa4 g5 41. b5+ Ke5
42. Rb4 1-0

[Event "DVM U10 2020"]
[Site "Magdeburg GER"]
[Date "2021.08.08"]
[Round "6"]
[White "Ciur, Andrei"]
[Black "Mo, Keyou"]
[Result "1-0"]
[Termination "normal"]
[Board "7.3"]
[WhiteElo "1088"]
[BlackElo "1000"]
[WhiteTeam "SC Borussia Lichtenberg"]
[BlackTeam "USG Chemnitz"]
[PlyCount "99"]
[WhiteFideId "13912720"]
[BlackFideId "34623582"]
[EventCountry "GER"]
[EventRounds "7"]
[EventType "team-swiss"]
[EventDate "2021.08.06"]

{[%evp 0,71,22,39,25,38,39,26,39,21,-5,-5,95,-121,-121,-121,447,447,580,580,
588,591,598,570,578,553,562,535,562,533,541,544,549,551,569,570,583,581,583,
585,586,604,605,613,610,637,672,670,686,675,707,692,700,642,650,618,644,628,
634,672,691,738,813,960,1055,1073,1527,1652,1755,1786,1916,1950,2378,29016]
normal} 1. e4 e5 2. Nf3 Nc6 3. Bc4 Nf6 4. Ng5 d5 5. exd5 Nxd5 6. Qf3 Qxg5 7.
Bxd5 Be6 8. Bxc6+ bxc6 9. Qxc6+ Bd7 10. Qxa8+ Qd8 11. Qxd8+ Kxd8 12. Nc3 Bc6
13. f3 Bc5 14. d3 Ke7 15. Bd2 Re8 16. O-O-O Kf8 17. Ne4 Bd4 18. Bc3 Be3+ 19.
Kb1 f6 20. Bb4+ Kg8 21. Bc5 Bxe4 22. Bxe3 Bc6 23. Bxa7 Ra8 24. Bf2 Bd5 25. c4
Be6 26. Rc1 Bf5 27. Rc3 c6 28. Kc2 Rxa2 29. Ra3 Rxa3 30. bxa3 Bg6 31. a4 f5 32.
a5 e4 33. a6 exd3+ 34. Kxd3 f4+ 35. Kc3 Be8 36. a7 c5 37. a8=Q Kf7 38. Qd5+ Kf6
39. Qxc5 h6 40. Qd5 Kg6 41. c5 Bf7 42. Qxf7+ Kxf7 43. c6 Ke7 44. Rd1 Kf7 45. c7
Kg6 46. c8=Q h5 47. Rd6+ Kh7 48. Qf5+ g6 49. Qf7+ Kh6 50. Qxg6# 1-0

[Event "DVM U10 2020"]
[Site "Magdeburg GER"]
[Date "2021.08.08"]
[Round "6"]
[White "Arne, Jonas"]
[Black "Bock, Leonas"]
[Result "0-1"]
[Termination "normal"]
[Board "8.1"]
[WhiteElo "1205"]
[BlackElo "1278"]
[WhiteTeam "SC 1975 Bann"]
[BlackTeam "SSV Vimaria 91 Weimar"]
[PlyCount "38"]
[WhiteFideId "34640398"]
[BlackFideId "16287118"]
[EventCountry "GER"]
[EventRounds "7"]
[EventType "team-swiss"]
[EventDate "2021.08.06"]

{[%evp 0,38,12,25,26,11,21,15,64,66,66,22,37,23,25,16,59,59,54,54,99,71,77,58,
37,24,41,22,22,40,41,41,41,41,56,-42,-58,-130,-111,-150,-152] normal} 1. d4 d5
2. Nf3 e6 3. g3 f5 4. Bg2 Nf6 5. Nbd2 Bd6 6. O-O O-O 7. c4 c6 8. c5 Bc7 9. b4
a6 10. a4 Bd7 11. Rb1 Be8 12. e3 Bh5 13. b5 axb5 14. axb5 Nbd7 15. b6 Bb8 16.
Qc2 Ne4 17. Nxe4 fxe4 18. Nd2 Be2 19. Re1 Bd3 0-1

[Event "DVM U10 2020"]
[Site "Magdeburg GER"]
[Date "2021.08.08"]
[Round "6"]
[White "Krömer, Antonius"]
[Black "Klein, Levent"]
[Result "0-1"]
[Termination "normal"]
[Board "8.2"]
[WhiteElo "1041"]
[BlackElo "1229"]
[WhiteTeam "SSV Vimaria 91 Weimar"]
[BlackTeam "SC 1975 Bann"]
[PlyCount "88"]
[WhiteFideId "34660518"]
[BlackFideId "34611274"]
[EventCountry "GER"]
[EventRounds "7"]
[EventType "team-swiss"]
[EventDate "2021.08.06"]

{[%evp 0,64,22,25,26,37,21,17,67,-8,4,-2,-2,-4,21,6,11,3,47,16,26,-7,-7,-24,
-19,-33,-29,-30,-1,-34,-2,-49,-12,-69,-59,-109,-116,-106,-82,-104,-103,-111,
-140,-133,-110,-549,-565,-577,-577,-1304,-1378,-1380,-1381,-1395,-1388,-1442,
-1456,-1462,-1542,-1591,-1464,-1493,-1559,-1570,-1617,-1649,-1667] normal} 1.
d4 e6 2. Nf3 d5 3. e3 c5 4. b3 Nc6 5. Bb2 Nf6 6. Bd3 Be7 7. Nbd2 O-O 8. O-O Qb6
9. Rc1 Nb4 10. Be2 Nxa2 11. Ra1 Nb4 12. c4 Bd7 13. Ne5 Bc6 14. Ndf3 Rfd8 15. h3
a5 16. Bc3 Ne4 17. dxc5 Bxc5 18. Bd4 Bxd4 19. exd4 f6 20. c5 Qc7 21. Nxc6 Qxc6
22. Nd2 Nc3 23. Qe1 Nc2 24. Qc1 Nxe2+ 25. Kh1 Nxc1 26. Raxc1 Nxd4 27. Ra1 Rdc8
28. Rfc1 Qb5 29. Ra3 Qb4 30. Ra2 Rxc5 31. Rd1 Nxb3 32. Nxb3 Qxb3 33. Rad2 Rac8
34. Rd3 Rc3 35. R3d2 a4 36. Re1 Kf7 37. Rdd1 Qc2 38. Kh2 a3 39. h4 a2 40. g3
Qxf2+ 41. Kh1 Rc2 42. Rd2 Rxd2 43. Re2 Rd1+ 44. Re1 Rxe1# 0-1

[Event "DVM U10 2020"]
[Site "Magdeburg GER"]
[Date "2021.08.08"]
[Round "6"]
[White "Klein, Deniz"]
[Black "Stadelmann, Henriette"]
[Result "1-0"]
[Termination "normal"]
[Board "8.3"]
[WhiteElo "949"]
[BlackElo "940"]
[WhiteTeam "SC 1975 Bann"]
[BlackTeam "SSV Vimaria 91 Weimar"]
[PlyCount "67"]
[WhiteFideId "34611282"]
[EventCountry "GER"]
[EventRounds "7"]
[EventType "team-swiss"]
[EventDate "2021.08.06"]

{[%evp 0,67,14,-27,-27,-46,-33,-31,-14,-28,-26,-22,-22,-16,9,6,24,24,30,19,62,
62,522,530,592,597,630,562,763,803,961,923,993,945,987,978,1267,1271,1293,1290,
1324,1278,1278,1286,1332,1314,1375,1352,1372,1334,1437,1371,1347,1343,1378,
1387,1407,1416,1426,1435,1435,1453,1879,2307,29985,29986,29997,29994,29999,
-30000] normal} 1. c4 e5 2. g3 Nf6 3. Bg2 Bc5 4. Nc3 O-O 5. e3 d6 6. d4 exd4 7.
exd4 Bb4 8. Nge2 Bxc3+ 9. bxc3 Bg4 10. Bxb7 Bf3 11. Bxf3 d5 12. O-O Ne4 13. Qb3
Nc6 14. cxd5 Ne7 15. Bxe4 Qd7 16. Ba3 Rab8 17. Qc4 Qb5 18. Qxb5 Rxb5 19. Bxe7
Re8 20. Bd3 Rxd5 21. Bc5 Re6 22. Bc4 Rxc5 23. dxc5 Re5 24. Rab1 h6 25. Bd3 g6
26. f4 Rxc5 27. f5 gxf5 28. Rxf5 Rxf5 29. Bxf5 c5 30. Rb7 c4 31. Rxa7 h5 32.
Nf4 f6 33. Nxh5 Kh8 34. Ra8# 1-0

[Event "DVM U10 2020"]
[Site "Magdeburg GER"]
[Date "2021.08.08"]
[Round "6"]
[White "Seth, Aakrit"]
[Black "Burban, Victor"]
[Result "1/2-1/2"]
[Termination "normal"]
[Board "9.1"]
[WhiteElo "1381"]
[BlackElo "1272"]
[WhiteTeam "SC Weisse Dame e.V."]
[BlackTeam "SchachAkademiePaderborn e. V."]
[PlyCount "57"]
[WhiteFideId "34604812"]
[BlackFideId "34609032"]
[EventCountry "GER"]
[EventRounds "7"]
[EventType "team-swiss"]
[EventDate "2021.08.06"]

{[%evp 0,57,22,39,34,25,57,40,43,29,1,29,39,28,47,30,39,16,-3,-11,-4,-9,-12,
-35,-31,-47,-53,-58,-41,-41,-28,-50,-10,-14,-21,-25,-25,-21,-19,-25,-25,-29,
-20,-27,-30,-47,-10,0,0,-47,-41,-36,0,0,0,0,0,0,0,0] normal} 1. d4 Nf6 2. Bf4
g6 3. e3 Bg7 4. Bd3 d6 5. Nf3 O-O 6. Nbd2 Nbd7 7. O-O Re8 8. e4 e5 9. dxe5 Nxe5
10. Nxe5 dxe5 11. Bg3 Nh5 12. Nf3 Nxg3 13. hxg3 Bg4 14. Qe2 Rc8 15. Qe3 b6 16.
Rfd1 Qe7 17. Ba6 Rcd8 18. Bb5 Rxd1+ 19. Rxd1 Rd8 20. Rxd8+ Qxd8 21. Qc3 Qd6 22.
Bc6 Bf6 23. Bd5 Bd7 24. Nd2 c6 25. Bb3 Bg5 26. Nc4 Qd1+ 27. Kh2 Qh5+ 28. Kg1
Qd1+ 29. Kh2 1/2-1/2

[Event "DVM U10 2020"]
[Site "Magdeburg GER"]
[Date "2021.08.08"]
[Round "6"]
[White "Vesszö, Aaron"]
[Black "Zhou, Leyi Charlotte"]
[Result "1-0"]
[Termination "normal"]
[Board "9.2"]
[WhiteElo "951"]
[BlackElo "1199"]
[WhiteTeam "SchachAkademiePaderborn e. V."]
[BlackTeam "SC Weisse Dame e.V."]
[PlyCount "43"]
[WhiteFideId "34619631"]
[BlackFideId "16258100"]
[EventCountry "GER"]
[EventRounds "7"]
[EventType "team-swiss"]
[EventDate "2021.08.06"]

{[%evp 0,43,25,29,28,27,27,-9,-7,-27,-3,-10,15,2,4,30,54,-35,49,47,43,43,39,61,
47,44,20,24,40,44,96,100,187,190,216,193,293,293,569,584,823,421,1776,1940,
1940,1948] normal} 1. d4 d5 2. Nf3 Nf6 3. g3 Bf5 4. Bg2 e6 5. O-O Nbd7 6. c4
Be7 7. Nc3 O-O 8. Ne5 Nxe5 9. dxe5 Nd7 10. cxd5 exd5 11. Nxd5 Nxe5 12. Nxe7+
Qxe7 13. Bxb7 Rad8 14. Qa4 Qc5 15. Be3 Qd6 16. Qxa7 Rb8 17. Bg2 Rxb2 18. Bc5
Qd7 19. Bxf8 Kxf8 20. Rfd1 Qe7 21. Qa8+ Qe8 22. Rd8 1-0

[Event "DVM U10 2020"]
[Site "Magdeburg GER"]
[Date "2021.08.08"]
[Round "6"]
[White "John, Linnea"]
[Black "Kleine, Jelte"]
[Result "1-0"]
[Termination "normal"]
[Board "9.3"]
[WhiteElo "1085"]
[BlackElo "1050"]
[WhiteTeam "SC Weisse Dame e.V."]
[BlackTeam "SchachAkademiePaderborn e. V."]
[PlyCount "43"]
[WhiteFideId "34623680"]
[BlackFideId "34619534"]
[EventCountry "GER"]
[EventRounds "7"]
[EventType "team-swiss"]
[EventDate "2021.08.06"]

{[%evp 0,43,22,25,63,25,20,24,50,7,21,20,-6,7,7,7,10,-80,-80,-114,-66,-70,-51,
-30,-42,-42,316,274,525,503,318,332,291,271,359,70,735,783,784,784,1827,2118,
29997,29998,29999,-30000] normal} 1. e4 e6 2. d4 d5 3. e5 c5 4. c3 Qb6 5. Nf3
Nc6 6. Bd3 cxd4 7. cxd4 Bd7 8. O-O Nxd4 9. Nxd4 Qxd4 10. Nc3 Qxe5 11. Re1 Qb8
12. Nxd5 Ne7 13. Bf4 Qc8 14. Nc7+ Kd8 15. Nxa8 Qxa8 16. Bb5 Nd5 17. Rc1 a6 18.
Bxd7 Kxd7 19. Rc7+ Ke8 20. Qxd5 Bb4 21. Qd7+ Kf8 22. Qxf7# 1-0

[Event "DVM U10 2020"]
[Site "Magdeburg GER"]
[Date "2021.08.08"]
[Round "6"]
[White "Burban, Bogdan"]
[Black "Lutz, Matthias"]
[Result "1-0"]
[Termination "normal"]
[Board "9.4"]
[WhiteElo "794"]
[BlackElo "1084"]
[WhiteTeam "SchachAkademiePaderborn e. V."]
[BlackTeam "SC Weisse Dame e.V."]
[PlyCount "71"]
[WhiteFideId "34609040"]
[EventCountry "GER"]
[EventRounds "7"]
[EventType "team-swiss"]
[EventDate "2021.08.06"]

{[%evp 0,71,26,26,33,-12,-9,0,81,29,44,-5,47,17,50,52,88,-1,34,-9,225,127,92,
112,77,109,114,114,118,130,124,38,109,119,147,92,130,151,151,-195,163,111,199,
163,183,156,202,167,156,151,151,151,165,161,194,176,215,211,203,222,207,209,
241,194,254,247,540,540,597,609,692,813,813,813] normal} 1. d4 e6 2. c4 d5 3.
Nc3 c5 4. Nf3 Nf6 5. Bf4 Nc6 6. e3 Bd6 7. Bxd6 Qxd6 8. Bd3 O-O 9. O-O e5 10.
dxe5 Nxe5 11. Nxe5 Qxe5 12. cxd5 Ng4 13. g3 Qh5 14. h4 Qe5 15. Bc4 Nf6 16. Re1
Ne4 17. Qc2 Nxc3 18. Qxc3 Qe4 19. Qd2 Qf3 20. e4 Qg4 21. Qe2 Qg6 22. Bd3 Qd6
23. Qh5 g6 24. Qf3 Qe5 25. b3 Bd7 26. Qf4 Qc3 27. Qe3 Qe5 28. Qxc5 Rfc8 29. Qb4
b6 30. Rac1 Bh3 31. Ba6 Rd8 32. Rc6 Rxd5 33. exd5 Qxd5 34. Qe4 Qd7 35. Rxg6+
hxg6 36. Qxa8+ 1-0

[Event "DVM U10 2020"]
[Site "Magdeburg GER"]
[Date "2021.08.08"]
[Round "6"]
[White "Kommessin, Felix"]
[Black "Melestean, Maxim"]
[Result "1-0"]
[Termination "normal"]
[Board "10.1"]
[WhiteElo "1322"]
[BlackElo "1289"]
[WhiteTeam "Schachfreunde Brackel 1930 e. V."]
[BlackTeam "Schachklub König Plauen"]
[PlyCount "87"]
[WhiteFideId "16294661"]
[BlackFideId "16280393"]
[EventCountry "GER"]
[EventRounds "7"]
[EventType "team-swiss"]
[EventDate "2021.08.06"]

{[%evp 0,46,19,38,18,26,21,9,31,-87,-69,-109,-79,-55,-61,-58,-58,-50,78,-105,
-69,-92,-68,-95,12,-13,65,75,74,45,255,249,629,424,424,415,414,357,389,380,403,
395,405,405,406,379,382,383,394] normal} 1. e4 e5 2. Nf3 Nf6 3. Nxe5 d6 4. Nxf7
Kxf7 5. Nc3 Be7 6. Bc4+ Be6 7. Bxe6+ Kxe6 8. d4 Rf8 9. O-O Kf7 10. f4 Kg8 11.
Qf3 c5 12. e5 dxe5 13. dxe5 Ne8 14. Qxb7 Nd7 15. Rd1 Qb6 16. Rxd7 Qxb7 17. Rxb7
Bd8 18. Rd7 Bb6 19. Be3 Nc7 20. g3 Rad8 21. Rad1 Ne6 22. Rxd8 Rxd8 23. Rxd8+
Nxd8 24. Na4 Ne6 25. f5 Nd4 26. Bxd4 cxd4 27. Nxb6 axb6 28. Kf2 Kf7 29. Ke2 g6
30. g4 gxf5 31. gxf5 h5 32. h4 b5 33. Kd3 b4 34. Kxd4 b3 35. axb3 Kg7 36. Kd5
Kf7 37. Kd6 Ke8 38. e6 Kd8 39. e7+ Ke8 40. f6 Kf7 41. Kd7 Kg8 42. e8=Q+ Kh7 43.
Qf7+ Kh8 44. Qg7# 1-0

[Event "DVM U10 2020"]
[Site "Magdeburg GER"]
[Date "2021.08.08"]
[Round "6"]
[White "da Costa Silva, Pepe"]
[Black "Böing, Oskar"]
[Result "1-0"]
[Termination "normal"]
[Board "10.2"]
[WhiteElo "1105"]
[BlackElo "969"]
[WhiteTeam "Schachklub König Plauen"]
[BlackTeam "Schachfreunde Brackel 1930 e. V."]
[PlyCount "61"]
[WhiteFideId "16282000"]
[BlackFideId "16285654"]
[EventCountry "GER"]
[EventRounds "7"]
[EventType "team-swiss"]
[EventDate "2021.08.06"]

{[%evp 0,53,26,21,21,21,19,19,19,4,-27,-19,54,60,90,96,121,116,134,126,148,165,
116,115,117,113,216,71,147,49,21,-85,-83,-48,-63,-71,-35,-75,-26,-27,-14,-58,
-47,-38,11,0,94,120,127,95,556,569,706,743,822,910] normal} 1. e4 e5 2. Nf3 Nc6
3. Bc4 Nf6 4. Ng5 d5 5. exd5 Nxd5 6. Nxf7 Kxf7 7. Qf3+ Ke7 8. Bxd5 Be6 9. Bxe6
Kxe6 10. Nc3 Nd4 11. Qe4 c6 12. O-O Qf6 13. f4 Bd6 14. fxe5 Qxe5 15. Qxe5+ Bxe5
16. d3 Nxc2 17. Rb1 Nb4 18. Rd1 Kd7 19. a3 Nc2 20. Rd2 Nd4 21. Rf2 Nb3 22. Rf7+
Kc8 23. Be3 Re8 24. Re1 Nd4 25. Bf4 a6 26. Bxe5 Nc2 27. Re2 Nd4 28. Bxd4 Rxe2
29. Nxe2 Kb8 30. Nf4 a5 31. Ne6 1-0

[Event "DVM U10 2020"]
[Site "Magdeburg GER"]
[Date "2021.08.08"]
[Round "6"]
[White "Draxler, Henning"]
[Black "Al-Hrishat, Alhasan"]
[Result "1-0"]
[Termination "normal"]
[Board "10.3"]
[WhiteElo "826"]
[BlackElo "1123"]
[WhiteTeam "Schachfreunde Brackel 1930 e. V."]
[BlackTeam "Schachklub König Plauen"]
[PlyCount "79"]
[WhiteFideId "34634037"]
[EventCountry "GER"]
[EventRounds "7"]
[EventType "team-swiss"]
[EventDate "2021.08.06"]

{[%evp 0,78,21,12,58,72,63,60,60,32,61,40,25,18,14,9,66,30,77,31,362,364,349,
354,350,335,349,329,361,345,353,361,397,428,420,423,455,449,451,416,810,715,
720,457,457,454,460,442,526,531,577,577,596,595,596,614,643,614,730,724,740,
756,753,767,777,678,674,702,695,726,770,700,780,627,696,686,716,724,821,696,
830] normal} 1. d4 f5 2. Nc3 Nf6 3. Nf3 e6 4. Bf4 Bd6 5. Bg3 b6 6. e3 Bb7 7.
Bc4 Na6 8. O-O Qe7 9. Qe2 O-O 10. Bxa6 Bxf3 11. Qxf3 c6 12. Bxd6 Qxd6 13. Qf4
Qe7 14. Bd3 d6 15. e4 e5 16. dxe5 dxe5 17. Qxf5 Nd7 18. Bc4+ Kh8 19. Qe6 Qd8
20. Rfd1 Qf6 21. Qxf6 Nxf6 22. f3 b5 23. Bd3 b4 24. Na4 Nh5 25. Nc5 h6 26. Ne6
Rg8 27. Bc4 Rgc8 28. Ba6 Rcb8 29. Nc7 Rb6 30. Nxa8 Rxa6 31. Nc7 Rb6 32. c3 Nf4
33. cxb4 Rxb4 34. b3 c5 35. h3 c4 36. bxc4 Rxc4 37. Nd5 Ne2+ 38. Kf2 Rc2 39.
Ke1 a6 40. Rd2 1-0

[Event "DVM U10 2020"]
[Site "Magdeburg GER"]
[Date "2021.08.08"]
[Round "6"]
[White "Akladius, Antonius"]
[Black "Libert, Nick"]
[Result "0-1"]
[Termination "normal"]
[Board "10.4"]
[WhiteElo "991"]
[BlackElo "768"]
[WhiteTeam "Schachklub König Plauen"]
[BlackTeam "Schachfreunde Brackel 1930 e. V."]
[PlyCount "60"]
[WhiteFideId "16289153"]
[BlackFideId "34634088"]
[EventCountry "GER"]
[EventRounds "7"]
[EventType "team-swiss"]
[EventDate "2021.08.06"]

{[%evp 0,60,21,-16,-12,-11,-18,-35,-19,-23,3,-11,-13,0,9,9,-4,-3,-13,-14,395,
387,413,409,422,380,426,338,338,332,332,221,216,226,223,224,247,243,336,313,
392,367,405,383,378,-223,-291,-454,-454,-455,-148,-885,-930,-1101,-1158,-29993,
-29992,-29995,-29994,-29995,-29996,-29999,-30000] normal} 1. c4 e5 2. Nc3 Nf6
3. g3 Bc5 4. e3 d6 5. Bg2 Nc6 6. Nge2 Bg4 7. O-O O-O 8. f3 Be6 9. b3 Bh3 10.
Bxh3 Re8 11. Bb2 Qe7 12. Re1 Rad8 13. Nd5 Nxd5 14. cxd5 Nb4 15. Rc1 Nd3 16. Qc2
Nxe1 17. Rxe1 Qf6 18. Bg2 c6 19. f4 Qh6 20. fxe5 cxd5 21. Bxd5 Rc8 22. Rf1
Bxe3+ 23. dxe3 Rxc2 24. Bxf7+ Kf8 25. Be6+ Ke7 26. Rf7+ Kxe6 27. Rxb7 Rxe2 28.
Kf1 Rd2 29. Rxa7 Qxe3 30. Ra6 Qf2# 0-1

[Event "DVM U10 2020"]
[Site "Magdeburg GER"]
[Date "2021.08.08"]
[Round "6"]
[White "Ensslen, Jakob"]
[Black "Dietrich, Fabian"]
[Result "0-1"]
[Termination "normal"]
[Board "11.1"]
[WhiteElo "1103"]
[BlackElo "1174"]
[WhiteTeam "Karlsruher SF 1853"]
[BlackTeam "SK Marburg 1931/72"]
[PlyCount "126"]
[WhiteFideId "34640258"]
[BlackFideId "34640240"]
[EventCountry "GER"]
[EventRounds "7"]
[EventType "team-swiss"]
[EventDate "2021.08.06"]

{[%evp 0,52,21,19,19,17,11,17,25,29,18,-56,-37,-40,-40,-61,-61,-55,-22,-38,-41,
-66,-20,-31,-10,-154,-62,-60,-66,-63,-63,-61,-52,-72,-50,-66,-78,-77,-83,-54,
-34,-32,-25,-31,-21,-29,-24,-24,0,-17,-4,-12,27,-340,-40] normal} 1. e4 e5 2.
Nf3 Nc6 3. Bb5 a6 4. Bxc6 dxc6 5. Nxe5 Qd4 6. Nf3 Qxe4+ 7. Qe2 Qxe2+ 8. Kxe2
Bg4 9. Re1 O-O-O 10. Nc3 Nf6 11. h3 Bf5 12. Ng5 Re8+ 13. Kf1 Rxe1+ 14. Kxe1
Bxc2 15. Nxf7 Rg8 16. d4 Bb4 17. Bd2 Re8+ 18. Kf1 Re7 19. Ne5 Re8 20. Rc1 Bf5
21. a3 Ba5 22. b4 Bb6 23. Be3 Nd5 24. Nxd5 cxd5 25. a4 c6 26. f3 Bc7 27. Bf4
Bb6 28. Nf7 Bd3+ 29. Kg1 Bxd4+ 30. Kh2 Rf8 31. Nd6+ Kd7 32. Bg3 Be3 33. Nxb7
Bxc1 34. Nc5+ Ke8 35. Nxd3 Be3 36. Ne5 Bf4 37. Nxc6 Bxg3+ 38. Kxg3 Kd7 39. Nd4
g5 40. Kg4 Rf4+ 41. Kxg5 Rxd4 42. f4 Re4 43. f5 d4 44. f6 d3 45. b5 d2 46. bxa6
d1=Q 47. a7 Rxa4 48. f7 Qf1 49. g4 Qxf7 50. Kh4 Ra3 51. Kg5 Kd6 52. a8=Q Rxa8
53. Kh4 Ra3 54. Kg5 Kd7 55. Kh4 Qf6+ 56. g5 Rxh3+ 57. Kxh3 Qxg5 58. Kh2 Qg4 59.
Kh1 Qe2 60. Kg1 h5 61. Kh1 h4 62. Kg1 h3 63. Kh1 Qg2# 0-1

[Event "DVM U10 2020"]
[Site "Magdeburg GER"]
[Date "2021.08.08"]
[Round "6"]
[White "Xiao, Karoline"]
[Black "Piller, Rafael"]
[Result "0-1"]
[Termination "normal"]
[Board "11.3"]
[WhiteElo "972"]
[BlackElo "931"]
[WhiteTeam "Karlsruher SF 1853"]
[BlackTeam "SK Marburg 1931/72"]
[PlyCount "58"]
[WhiteFideId "16282230"]
[EventCountry "GER"]
[EventRounds "7"]
[EventType "team-swiss"]
[EventDate "2021.08.06"]

{[%evp 0,53,20,17,17,17,24,24,16,20,17,-12,10,16,20,-19,-9,-23,30,40,62,-3,58,
62,59,21,40,43,68,44,56,41,55,48,44,54,128,-34,-22,-22,2,-4,122,100,115,-575,
-591,-617,-629,-682,-620,-29997,-1136,-1142,-1162,-1157] normal} 1. e4 e5 2.
Nf3 Nc6 3. Bc4 Nf6 4. d3 h6 5. c3 Bc5 6. d4 exd4 7. cxd4 Bb4+ 8. Bd2 Bxd2+ 9.
Nbxd2 O-O 10. O-O d6 11. d5 Ne5 12. Re1 Nxf3+ 13. Qxf3 Bg4 14. Qg3 c6 15. Nf1
Qd7 16. Ne3 cxd5 17. exd5 Rac8 18. Be2 Bxe2 19. Rxe2 Ne4 20. Qf4 Qb5 21. Rae1
Nc5 22. Rd1 Qxe2 23. h3 Nd3 24. Qg3 Rc1 25. Nf5 Rxd1+ 26. Kh2 Qe5 27. Nxh6+ Kh8
28. f4 Qd4 29. Nf5 Qg1# 0-1

[Event "DVM U10 2020"]
[Site "Magdeburg GER"]
[Date "2021.08.08"]
[Round "6"]
[White "Leitloff, Finn Leonidas"]
[Black "Fischer, Lorenz"]
[Result "0-1"]
[Termination "normal"]
[Board "12.1"]
[WhiteElo "1138"]
[BlackElo "1164"]
[WhiteTeam "SV Empor Erfurt"]
[BlackTeam "Schachfreunde Tegernheim"]
[PlyCount "60"]
[WhiteFideId "34661905"]
[BlackFideId "16296710"]
[EventCountry "GER"]
[EventRounds "7"]
[EventType "team-swiss"]
[EventDate "2021.08.06"]

{[%evp 0,45,19,19,70,66,60,63,70,29,66,36,36,40,29,9,-9,0,-4,-40,8,-2,-12,-52,
-54,-190,-194,-256,-255,-367,-348,-399,-408,-453,-253,-501,-417,-456,-95,-111,
-117,-98,0,-63,-52,-169,-191,-278] normal} 1. d4 f5 2. Bf4 Nf6 3. Nc3 e6 4. Nf3
b6 5. g3 Bb7 6. Bg2 Be7 7. e3 O-O 8. O-O d6 9. Ng5 Bxg2 10. Kxg2 Qd7 11. d5 e5
12. Bxe5 dxe5 13. Ne6 Re8 14. a4 c6 15. Ng5 cxd5 16. f4 Ng4 17. Re1 exf4 18.
exf4 Bxg5 19. Rxe8+ Qxe8 20. Qxd5+ Kh8 21. Qxa8 Bf6 22. Qf3 Nc6 23. Rc1 Nd4 24.
Qf1 Ne3+ 25. Kg1 Nxf1 26. Kxf1 Qe3 27. Re1 Qf3+ 28. Kg1 Ne6 29. Rxe6 Bd4+ 30.
Re3 Bxe3# 0-1

[Event "DVM U10 2020"]
[Site "Magdeburg GER"]
[Date "2021.08.08"]
[Round "6"]
[White "Mantu, Elias Viorel"]
[Black "Fischer, Quirin"]
[Result "0-1"]
[Termination "normal"]
[Board "12.3"]
[WhiteElo "896"]
[BlackElo "1085"]
[WhiteTeam "SV Empor Erfurt"]
[BlackTeam "Schachfreunde Tegernheim"]
[PlyCount "112"]
[WhiteFideId "34601350"]
[BlackFideId "34623787"]
[EventCountry "GER"]
[EventRounds "7"]
[EventType "team-swiss"]
[EventDate "2021.08.06"]

{[%evp 0,36,19,19,19,27,27,30,18,13,11,15,10,8,23,13,11,21,25,26,29,29,69,63,
85,105,105,22,427,467,458,530,654,648,677,599,608,583,833] normal} 1. d4 d5 2.
Bf4 Nf6 3. e3 Bf5 4. Bd3 Bxd3 5. cxd3 e6 6. Nf3 Bb4+ 7. Nc3 O-O 8. a3 Bxc3+ 9.
bxc3 h6 10. O-O Qd7 11. Ne5 Qb5 12. Rb1 Qa6 13. Ra1 Nh5 14. Qxh5 Nc6 15. Nd7
Rfd8 16. Nc5 Qb5 17. Bxc7 b6 18. Bxd8 Rxd8 19. Nb7 Rd7 20. a4 Qxd3 21. Ra3 Rxb7
22. Rd1 Qc4 23. f3 Qe2 24. Raa1 Qxe3+ 25. Kh1 Qxc3 26. Rac1 Qb3 27. Rd2 Rb8 28.
h3 Qe3 29. Rdc2 Nxd4 30. Rc8+ Rxc8 31. Rxc8+ Kh7 32. Qxf7 Qe1+ 33. Kh2 Qe5+ 34.
f4 Qf6 35. Qg8+ Kg6 36. Qe8+ Kh7 37. Qg8+ Kg6 38. Rf8 Qe7 39. g4 a5 40. Rf7
Qxf7 41. Qxf7+ Kxf7 42. Kg3 b5 43. axb5 Nxb5 44. h4 g5 45. fxg5 hxg5 46. hxg5
Nd6 47. Kh4 Kg7 48. Kh5 a4 49. g6 a3 50. g5 a2 51. Kg4 a1=Q 52. Kh4 Qd1 53. Kg3
Nf5+ 54. Kh3 Kg8 55. g7 Qg1 56. g6 Qg3# 0-1